[Event "Yingmei CHN-chT 2018"]
[Site "Shenzhen"]
[Date "2018.04.14"]
[Round "4"]
[White "Harikrishna, P."]
[Black "Lu, Shanglei"]
[Result "1-0"]
[WhiteElo "2727"]
[BlackElo "2640"]
[Annotator "TA"]
[PlyCount "75"]
[EventDate "2018.??.??"]
[EventCountry "CHN"]
[SourceTitle "playchess.com"]
[Source "ChessBase"]
[SourceQuality "1"]

{[%evp 20,75,14,8,6,0,22,38,44,35,26,7,7,8,8,10,12,21,43,16,19,17,30,45,48,0,74,74,66,69,93,78,133,133,131,136,122,121,127,126,126,120,347,347,347,347,347,347,365,365,361,335,353,352,538,503,535,370]} 1. d4 Nf6 2. Nf3 e6 3. c4 d5 4. g3 dxc4 5. Bg2 c5 6. O-O Nc6 7. dxc5 Qxd1 {E04: Open Catalan: 5 Nf3} 8. Rxd1 Bxc5 9. Nfd2 Na5 10. Na3 Bxa3 11. bxa3 {LiveBook: 6 Games} Bd7 (11... Nd5 12. Ne4 O-O 13. Bd2 b6 14. Rac1 Ba6 15. Bxa5 bxa5 {1-0 (39) Carlsen,M (2837)-Harikrishna,P (2744) Riadh 2017}) 12. Bb2 Bb5 $146 ({Predecessor:} 12... Rc8 13. Bc3 b6 14. Rdc1 O-O 15. Bxa5 bxa5 16. Nxc4 {0-1 (53) Ju,W (2559)-Guo,Q (2447) Yangzhou 2016}) 13. Bc3 Nc6 14. Rab1 Ba6 15. Ne4 Nxe4 16. Bxe4 O-O 17. Rd7 Rac8 18. a4 $36 {[%mdl 2048] White fights for an advantage.} Rfe8 19. h4 {[%mdl 1024] White has compensation.} Nb8 20. Rd6 Rc7 21. Rbd1 f5 22. Bf3 Kf7 (22... b6 $1 $11 {keeps the balance.}) 23. e4 $16 fxe4 24. Bxe4 g6 $1 25. h5 $1 {[%cal Bh4h5,Bh5h6][%mdl 32] Threatens to win with hxg6+.} Ree7 ({Better is} 25... b6) 26. Rd8 Red7 {[#]} 27. Bxg6+ $1 hxg6 28. h6 Rxd1+ 29. Rxd1 Ke8 {[#] And now ...Rh7 would win.} 30. Bg7 $1 {h7 would kill now.} Rxg7 $2 (30... Rc5 $16 {was worth a try.}) 31. hxg7 Kf7 32. Rd8 Kxg7 {aiming for ...Nc6.} 33. Rxb8 $18 {KR-KB} Kf6 {intending ...Ke5.} 34. Kf1 Ke5 35. Ke2 Ke4 36. Kd2 Kf3 (36... g5 $142 37. Kc3 Kf3 38. Rf8+ Kg4) 37. Rf8+ Kg2 38. Ke1 {Precision: White = 78%, Black = 45%.} 1-0

[Event "Yingmei CHN-chT 2018"]
[Site "Shenzhen"]
[Date "2018.04.14"]
[Round "4"]
[White "Bu, Xiangzhi"]
[Black "Bai, Jinshi"]
[Result "1-0"]
[WhiteElo "2725"]
[BlackElo "2586"]
[Annotator "TA"]
[PlyCount "59"]
[EventDate "2018.??.??"]
[EventCountry "CHN"]
[SourceTitle "playchess.com"]
[Source "ChessBase"]
[SourceQuality "1"]

{[%evp 17,59,-5,-5,-21,19,9,15,0,0,0,6,13,15,2,32,9,91,91,107,129,136,56,130,116,134,83,85,79,201,187,188,195,200,200,193,184,164,150,1345,1311,29992,29993,29993,29994]} 1. e4 e5 2. Nf3 Nf6 3. Nc3 Nc6 4. g3 Bc5 5. Bg2 d6 6. O-O a6 7. d3 O-O 8. h3 Be6 {C26: Vienna Game: 2...Nf6, sidelines} (8... h6 9. Be3 Bxe3 10. fxe3 d5 11. exd5 Nxd5 12. Nxd5 Qxd5 13. Kh2 Qd6 14. Nh4 g6 15. Bxc6 Qxc6 16. e4 Qe6 17. g4 h5 18. Kg3 {½-½ (31) Rozentalis,E (2619)-Chirila,I (2528) Montreal 2013}) 9. Kh2 h6 {LiveBook: 31 Games} 10. Nd2 $146 ({Predecessor:} 10. Nh4 d5 11. exd5 Nxd5 12. Nxd5 Bxd5 13. Nf5 Ne7 14. Qg4 Nxf5 15. Qxf5 Bxg2 16. Kxg2 Re8 17. Re1 Re6 18. Qe4 {1-0 (63) Boros,D (2457)-Della Morte,G (2353) chess.com INT 2018}) 10... d5 {The position is equal.} 11. f4 exf4 12. gxf4 dxe4 13. dxe4 Re8 $132 {[%mdl 2048] Black puts up resistance} 14. e5 Nh7 $1 15. Nb3 Ba7 16. Qf3 Bf5 (16... f6 $11 {remains equal.}) 17. Be3 $16 Bxc2 18. Bxa7 {[#] Strongly threatening Be3.} Bxb3 19. Bc5 ({Better is} 19. axb3 $16 Rxa7 20. Qg3) 19... Bc2 (19... Be6 $14) 20. Nd5 {[%mdl 1024] White has strong compensation.} Qc8 21. Qc3 (21. Ne3 $142 Bf5 22. Qh5 (22. Nxf5 Qxf5 23. Qe4 Qe6 $11)) 21... Bf5 22. Rg1 Nf8 {[#]} (22... Kh8 $16) 23. Nf6+ $1 $18 {[%mdl 512]} gxf6 24. Bxc6+ $1 Ng6 25. Bxe8 Qxe8 26. Rae1 {And now e6 would win.} Qa4 27. Qd4 Qxa2 $2 (27... Qxd4 $16 28. Bxd4 Rd8) 28. e6 Bxe6 29. Qxf6 Qd5 30. Rxg6+ {Precision: White = 63%, Black = 34%.} 1-0

[Event "Yingmei CHN-chT 2018"]
[Site "Shenzhen"]
[Date "2018.04.14"]
[Round "4"]
[White "Andreikin, Dmitry"]
[Black "Wang, Yue"]
[Result "1-0"]
[WhiteElo "2702"]
[BlackElo "2690"]
[Annotator "TA"]
[PlyCount "51"]
[EventDate "2018.??.??"]
[EventCountry "CHN"]
[SourceTitle "playchess.com"]
[Source "ChessBase"]
[SourceQuality "1"]

{[%evp 15,51,16,16,16,45,41,45,35,85,81,85,70,79,88,76,0,40,40,125,110,124,108,144,142,154,166,173,184,181,149,187,180,174,180,176,182,295,290]} 1. d4 Nf6 2. Bg5 d5 3. Nd2 e6 4. e3 h6 5. Bh4 c5 6. c3 {D00: 1 d4 d5: Unusual lines} Be7 (6... Nbd7 7. Bd3 e5 8. Ne2 Be7 9. O-O O-O 10. Bg3 exd4 11. exd4 Re8 12. dxc5 Nxc5 {0-1 (47) Vitiugov,N (2722)-Svidler,P (2765) St Petersburg 2017}) 7. Bd3 Qb6 8. Rb1 Bd7 {LiveBook: 3 Games} 9. a4 $146 ({Predecessor:} 9. Qe2 a6 10. Ngf3 Bb5 11. dxc5 Bxd3 12. Qxd3 Qxc5 13. Bxf6 Bxf6 {0-1 (78) Kuzubov,Y (2638)-Volokitin,A (2640) Lvov 2016}) 9... Bc6 10. dxc5 Qxc5 11. b4 {[%cal Bb2b4,Bb4b5][%mdl 32]} Qxc3 12. Rb3 Qe5 13. b5 {[%mdl 1024] White has strong compensation.} Bd7 {[#]} 14. Bg3 $1 $36 {[%cal Rg3e5][%mdl 2048] White is on the roll.} Qh5 15. Ngf3 (15. Qc2 $16) 15... O-O 16. h3 Be8 ({Black should try} 16... e5 $1 $14 17. Bxe5 Bf5) 17. Bh4 $16 d4 {next ...dxe3 is good for Black.} 18. exd4 Nbd7 19. Be4 Nxe4 20. Bxe7 Nxd2 21. Qxd2 Qd5 22. Rb4 Nb6 23. Bxf8 Kxf8 24. O-O f6 25. Rc1 Bd7 (25... Qd8 $142 26. Qd3 Kg8) 26. Qf4 {Precision: White = 91%, Black = 40%.} 1-0

[Event "Yingmei CHN-chT 2018"]
[Site "Shenzhen"]
[Date "2018.04.14"]
[Round "4"]
[White "Cheparinov, Ivan"]
[Black "Fang, Yan"]
[Result "1-0"]
[WhiteElo "2702"]
[BlackElo "2428"]
[Annotator "TA"]
[PlyCount "79"]
[EventDate "2018.??.??"]
[EventCountry "CHN"]
[SourceTitle "playchess.com"]
[Source "ChessBase"]
[SourceQuality "1"]

{[%evp 20,79,30,28,47,37,75,77,85,75,82,66,54,56,63,39,104,114,127,103,165,172,160,81,132,125,220,169,277,279,545,530,520,540,541,539,768,387,367,350,350,350,343,339,339,332,332,332,332,332,332,317,389,387,646,641,650,650,5147,643,636,621]} 1. d4 d5 2. c4 c6 3. Nf3 Nf6 4. g3 e6 5. Bg2 Be7 6. O-O O-O 7. Nc3 b6 8. b3 Bb7 9. Bb2 Nbd7 10. Qd3 Rc8 {E07: Closed Catalan: Main Line (5 Nf3 0-0 6 0-0 Nbd7)} 11. Rfd1 {LiveBook: 7 Games} Ba6 $146 ({Predecessor:} 11... dxc4 12. bxc4 c5 13. d5 exd5 14. cxd5 Re8 15. e4 c4 16. Qc2 Bb4 17. Rd4 {0-1 (63) Hou,Y (2673)-Kravtsiv,M (2563) Bastia 2014}) 12. e4 c5 {White is slightly better.} 13. exd5 exd5 14. Nb5 dxc4 15. bxc4 Bxb5 $1 16. cxb5 c4 17. Qc2 {Hoping for Ne5.} c3 {[#]} (17... Nd5 $1 $14) 18. Bc1 $1 $16 ({Stronger than} 18. Bxc3 {[#]} Bb4 $1 $17 {[%mdl 512]}) 18... Nd5 19. a3 Nb8 (19... N7f6 $16 {was necessary.}) 20. Ne5 $18 Qd6 21. Ra2 ({Better is} 21. Re1) 21... Bf6 ({Black should play} 21... Qe6) 22. Qb3 $16 Rfd8 (22... Ne7 $16) 23. Re2 a6 (23... Qe6 $142) 24. Ng4 $18 Kf8 $2 (24... Nc7) 25. a4 Be7 26. Rde1 axb5 27. axb5 h5 28. Bxd5 Qxd5 29. Qxd5 Rxd5 30. Rxe7 {Black must now prevent Ba3.} hxg4 31. Ba3 {[%csl Ge1][%cal Re7e8]} Kg8 32. Re8+ Rxe8 33. Rxe8+ Kh7 {Black wants to play ...Nd7.} 34. Rxb8 Rxb5 {[%mdl 4096] Endgame KRB-KR} 35. Rc8 Rb3 36. Be7 b5 $2 (36... Rb1+ 37. Kg2 Rd1 38. Rxc3 Rxd4) 37. d5 {[%cal Bd4d5,Bd5d6][%mdl 32] White is clearly winning.} b4 38. d6 Rb1+ 39. Kg2 {d7 is the strong threat.} Rd1 40. Rc4 {Precision: White = 85%, Black = 28%.} 1-0

[Event "Yingmei CHN-chT 2018"]
[Site "Shenzhen"]
[Date "2018.04.14"]
[Round "4"]
[White "Ni, Hua"]
[Black "Xu, Minghui"]
[Result "1-0"]
[WhiteElo "2670"]
[BlackElo "2302"]
[Annotator "TA"]
[PlyCount "71"]
[EventDate "2018.??.??"]
[EventCountry "CHN"]
[SourceTitle "playchess.com"]
[Source "ChessBase"]
[SourceQuality "1"]

{[%evp 26,71,14,19,25,11,14,22,25,22,38,0,8,2,42,27,105,101,88,77,75,68,94,66,171,178,177,175,145,146,130,86,220,241,241,237,299,278,257,66,622,601,625,625,29985,29986,29986,29987]} 1. e4 e5 2. Nf3 Nc6 3. Bb5 {[%cal Bf1b5,Bb5a4,Ba4b3][%mdl 32]} a6 4. Ba4 Nf6 5. O-O Be7 6. d3 b5 7. Bb3 d6 8. a3 O-O 9. Nc3 Na5 {C77: Ruy Lopez: 3...a6 4 Ba4 Nf6, unusual lines} 10. Ba2 Be6 11. b4 Bxa2 12. Rxa2 Nc6 13. Bg5 Qd7 14. Bxf6 {LiveBook: 8 Games} Bxf6 15. Nd5 Bd8 16. a4 {aiming for axb5.} Ne7 17. Ne3 {[#]} c6 $146 18. c4 Bb6 19. d4 {[%cal Bd3d4,Bd4d5,Bd5d6][%mdl 32]} Qe6 20. d5 Qc8 (20... cxd5 $11 {remains equal.} 21. Nxd5 (21. exd5 Qd7 $11) 21... Nxd5 22. exd5 Qd7) 21. c5 $1 $36 {[%cal Rc5b6][%mdl 2048] Keeping Black busy.} dxc5 22. d6 (22. Nxe5 cxb4 23. axb5 Bxe3 $15) 22... Ng6 23. bxc5 $1 Bxc5 24. Nf5 $1 Qb7 {[#]} ({Black should play} 24... f6 $14) 25. h4 $1 $18 {[%cal Bh2h4,Bh4h5][%mdl 1056] White has strong compensation.} f6 26. Rc2 Bb6 27. h5 Nf4 28. N3h4 c5 (28... Qf7 $16) 29. Qg4 Ra7 30. Rd1 {And now d7 would win.} ({Weaker is} 30. Ne7+ Kf7 $16) 30... Qd7 {[#]} 31. g3 $1 {[%cal Rg3f4]} ({Stronger than} 31. Ne7+ Kf7 $11) 31... Ne6 {[#]} 32. Ng6 $1 {[%mdl 512]} Rd8 $2 {[%mdl 8192] [#]} (32... Kf7 $14) (32... hxg6 33. Ne7+) 33. a5 $1 {[%cal Ba4a5,Ba5b6][%mdl 544]} hxg6 (33... Bxa5 34. Nh6+) 34. hxg6 (34. Ne7+ Kf8 $16) 34... Qe8 35. axb6 Rad7 36. Ne7+ {Precision: White = 67%, Black = 41%.} 1-0

[Event "Yingmei CHN-chT 2018"]
[Site "Shenzhen"]
[Date "2018.04.14"]
[Round "4"]
[White "Zhou, Jianchao"]
[Black "Yu, Yangyi"]
[Result "1-0"]
[WhiteElo "2616"]
[BlackElo "2760"]
[Annotator "TA"]
[PlyCount "97"]
[EventDate "2018.??.??"]
[EventCountry "CHN"]
[SourceTitle "playchess.com"]
[Source "ChessBase"]
[SourceQuality "1"]

{[%evp 14,97,64,33,35,35,60,43,123,120,123,110,156,148,154,137,156,159,156,161,186,178,186,182,190,182,321,328,325,295,397,398,371,329,320,301,305,292,310,307,397,397,441,447,600,451,445,470,453,462,453,445,430,309,296,285,334,322,325,299,426,418,411,401,504,493,475,500,485,464,591,581,570,557,642,618,690,684,719,699,6079,6087,5666,5546,5097,1559]} 1. d4 d6 2. Nf3 g6 3. c4 Bg7 4. Nc3 Bg4 5. e3 Nf6 6. h3 Bxf3 7. Qxf3 c6 8. g3 {LiveBook: 3 Games. A41: 1 d4 d6: Tartakower System and Modern Defence} O-O 9. Bg2 e5 10. d5 {White is slightly better.} c5 $146 (10... Re8 $14) ({Predecessor:} 10... Qb6 11. O-O Qa6 12. Rd1 Qxc4 13. dxc6 Qxc6 14. Qxc6 Nxc6 15. Rxd6 Rfd8 16. Rxd8+ Rxd8 17. Bxc6 bxc6 {1-0 (44) Delchev,A (2622)-Fedoseev,V (2548) Plovdiv 2012}) 11. e4 $16 Na6 12. h4 h5 13. Bh3 Qb6 14. Rb1 Nb4 15. Qe2 $1 Qa5 16. Ra1 $1 b5 17. cxb5 {[%cal Bc4b5,Bb5b6][%mdl 32]} a6 {[#]} 18. b6 $1 {[%mdl 512]} c4 {[#]} (18... Qxb6 19. a3) 19. O-O $1 {Strongly threatening a3.} Rab8 (19... Nd3 $142 20. Be3 Rab8) 20. a3 $18 ({Less strong is} 20. Qxc4 Nc2 $18) 20... Nd3 21. Be3 Nxe4 22. Nxe4 f5 23. Nc3 {[%cal Be4c3,Bc3d1,Bd1e3][%mdl 32]} e4 24. Rac1 Rxb6 25. Bxb6 Qxb6 26. Rc2 Re8 27. Nd1 Qb3 28. Ne3 c3 29. Rxc3 Bxc3 30. bxc3 Rf8 31. Bxf5 gxf5 32. Qxh5 Qxc3 33. Nxf5 Qf6 34. g4 Nf4 35. Qg5+ Qxg5 36. hxg5 {[%mdl 4096] Endgame KRN-KRN} Nh3+ (36... Kh7 $142 37. Nxd6 Nxd5 38. Nxe4 Rf4) 37. Kg2 Nxg5 38. Rb1 Kf7 39. Rb6 {White is clearly winning.} Kf6 40. Rxd6+ Ke5 {If only Black now had time for ...Rxf5....} 41. Rxa6 Kf4 42. Ne3 Nf3 43. Rh6 Ra8 44. Rf6+ Kg5 45. Re6 Kf4 46. d6 Rxa3 47. Nd5+ Kxg4 48. Rxe4+ Kf5 {[#]} 49. Rf4+ {Precision: White = 79%, Black = 46%.} (49. d7 $142 $1 {[%mdl 512]} Kxe4 50. d8=Q) 1-0

[Event "Yingmei CHN-chT 2018"]
[Site "Shenzhen"]
[Date "2018.04.14"]
[Round "4"]
[White "Zhou, Weiqi"]
[Black "Malakhov, Vladimir"]
[Result "1/2-1/2"]
[WhiteElo "2603"]
[BlackElo "2689"]
[Annotator "TA"]
[PlyCount "52"]
[EventDate "2018.??.??"]
[EventCountry "CHN"]
[SourceTitle "playchess.com"]
[Source "ChessBase"]
[SourceQuality "1"]

{[%evp 23,52,0,0,0,0,0,0,0,8,0,0,0,0,0,0,0,0,-2,0,-7,0,0,0,0,0,0,0,0,0,0,0]} 1. d4 d5 2. c4 c6 3. Nf3 Nf6 4. Nc3 a6 5. cxd5 cxd5 6. Bf4 Nc6 7. e3 Bg4 8. Be2 e6 9. O-O Bd6 10. Bxd6 Qxd6 11. Nd2 {D13: Slav Defence: Exchange variation without ...Bf5} (11. Ne1 Bxe2 12. Qxe2 O-O 13. Nd3 Nd7 14. Rac1 Rfc8 15. Rc2 Rc7 16. Rfc1 Rac8 17. Qd1 b6 18. Ne2 Na5 19. Rxc7 Rxc7 {½-½ (41) Kamsky,G (2676)-Dreev,A (2652) Bastia 2017}) 11... Bxe2 12. Qxe2 O-O {LiveBook: 11 Games. The position is equal.} 13. Nb3 Nd7 14. Rfc1 $146 ({Predecessor:} 14. Rac1 Rac8 15. Na4 Rc7 16. Nac5 Nxc5 17. Nxc5 {1-0 (56) Manikandan,S (1828)-Deepthamsh,R (1987) Chennai 2006}) 14... Rac8 15. Na4 Rc7 16. a3 Rfc8 17. Rc3 Ncb8 18. Rac1 (18. g3 {with more complications.} Rxc3 19. Nxc3 g6 20. Kg2 Kg7 21. Na4) 18... Rxc3 19. Rxc3 Rxc3 20. Nxc3 g6 21. g3 Qb6 22. Qc2 Nc6 23. Na4 Qb5 24. Nc3 Qb6 25. Na4 Qb5 26. Nc3 Qb6 {Precision: White = 73%, Black = 84%.} 1/2-1/2

[Event "Yingmei CHN-chT 2018"]
[Site "Shenzhen"]
[Date "2018.04.14"]
[Round "4"]
[White "Zhao, Jun"]
[Black "Jakovenko, Dmitry"]
[Result "1/2-1/2"]
[WhiteElo "2601"]
[BlackElo "2732"]
[Annotator "TA"]
[PlyCount "90"]
[EventDate "2018.??.??"]
[EventCountry "CHN"]
[SourceTitle "playchess.com"]
[Source "ChessBase"]
[SourceQuality "1"]

{[%evp 20,90,9,15,22,21,26,24,21,27,26,25,21,23,32,32,37,27,25,23,25,25,25,10,26,8,7,11,21,21,21,21,23,18,20,17,11,9,13,0,12,0,38,0,0,0,0,0,0,0,0,0,0,0,0,0,0,0,0,-23,-23,-23,-23,-23,-10,-23,-23,-23,-23,-23,-23,-23,-23]} 1. e4 e5 2. Nf3 Nc6 3. Bb5 {[%cal Bf1b5,Bb5a4,Ba4b3][%mdl 32]} a6 4. Ba4 Nf6 5. d3 b5 6. Bb3 Bc5 7. a4 Rb8 {C77: Ruy Lopez: 3...a6 4 Ba4 Nf6, unusual lines} 8. O-O (8. Nc3 d6 9. axb5 axb5 10. h3 h6 11. O-O O-O 12. Ne2 Bb6 13. c3 d5 14. Ng3 Be6 15. exd5 Nxd5 {0-1 (34) Fedoseev,V (2733)-Mamedyarov,S (2791) Sochi 2017}) 8... O-O 9. axb5 axb5 10. Bg5 h6 11. Bh4 {LiveBook: 3 Games} Be7 12. Nc3 d6 13. Bxf6 Bxf6 14. Nd5 Be6 15. Qd2 $146 ({Predecessor:} 15. h3 Bxd5 16. Bxd5 {1-0 (45) Calzetta Ruiz,M (2287)-Mezioud,A (2023) Sousse 2007}) 15... Bxd5 16. Bxd5 Ne7 17. Bb3 c6 18. Ra6 Qc7 19. Rfa1 Nc8 20. g3 Nb6 21. h4 Ra8 22. Qb4 Rxa6 23. Rxa6 Ra8 24. Rxa8+ Nxa8 25. Kg2 Nb6 26. Qa5 g6 27. c3 Qb7 28. Qa2 Kg7 29. Qa5 Nd7 30. Bc2 d5 31. b4 Be7 32. Bb3 dxe4 33. dxe4 Nf6 34. Bc2 Ng4 35. Nh2 Nxh2 36. Kxh2 Qd7 {[#] aiming for ...Qd2.} 37. Qa2 Qg4 38. Bd3 g5 39. Qe2 Qxe2 40. Bxe2 gxh4 $11 {KB-KB} 41. Bg4 hxg3+ 42. fxg3 c5 {Black has an edge.} 43. bxc5 Bxc5 44. Bd7 b4 45. cxb4 Bxb4 {Precision: White = 66%, Black = 76%.} 1/2-1/2

[Event "Yingmei CHN-chT 2018"]
[Site "Shenzhen"]
[Date "2018.04.14"]
[Round "4"]
[White "Wen, Yang"]
[Black "Ma, Qun"]
[Result "1/2-1/2"]
[WhiteElo "2585"]
[BlackElo "2645"]
[Annotator "TA"]
[PlyCount "79"]
[EventDate "2018.??.??"]
[EventCountry "CHN"]
[SourceTitle "playchess.com"]
[Source "ChessBase"]
[SourceQuality "1"]

{[%evp 25,79,18,19,18,12,8,17,4,28,23,20,13,102,102,102,104,94,93,93,84,88,88,88,92,86,89,95,89,97,58,97,97,99,94,122,122,120,119,110,118,119,56,56,56,56,56,56,56,56,56,56,56,56,56,56,56]} 1. e4 e5 2. Nf3 Nc6 3. Bb5 Nf6 4. O-O Nxe4 5. Re1 Nd6 6. Nxe5 Be7 7. Bf1 Nxe5 8. Rxe5 O-O 9. Nc3 {[%cal Bb1c3,Bc3d5,Bd5e3,Be3f5,Bf5e7][%mdl 32] C67: Ruy Lopez: Berlin Defence: 4 0-0 Nxe4} Ne8 10. Nd5 Bd6 11. Re2 (11. Re1 c6 12. Ne3 Be7 13. c4 Nc7 14. d4 d5 15. cxd5 Bb4 16. Bd2 Bxd2 17. Qxd2 Nxd5 18. Nxd5 Qxd5 {½-½ (63) Vachier Lagrave,M (2793)-Aronian,L (2797) Caleta 2018}) 11... c6 12. Ne3 Bc7 13. Nf5 d5 {LiveBook: 7 Games} 14. Ne7+ Kh8 {[#] Threatens to win with ...Be6.} 15. Nxc8 Rxc8 16. d3 {[%cal Bd2d3,Bd3d4][%mdl 32] [#]} Nf6 $146 ({Predecessor:} 16... Qd7) 17. g3 Qd7 18. Bg5 Rce8 (18... Ng8 $11 {remains equal.}) 19. Bxf6 $1 $16 gxf6 20. Rxe8 Qxe8 21. d4 f5 22. Bd3 f4 23. Qh5 {[%csl Gd3][%cal Rh5h7]} f5 24. Qxe8 Rxe8 25. Bxf5 {[%mdl 4096] Endgame KRB-KRB} Kg7 26. Kg2 h5 27. Rd1 Kf6 28. Bd3 Kg5 29. Kf3 Rf8 30. h4+ Kh6 {Strongly threatening ...fxg3+.} 31. g4 hxg4+ 32. Kxg4 f3 {[#] Threatening ...Rf4+.} 33. Bf5 (33. Kh3 $1 $16) 33... Rg8+ $1 $14 {White is slightly better.} 34. Kxf3 Rf8 35. Kg4 {aiming for Re1.} Rg8+ 36. Kh3 {And now Re1 would win.} Rf8 37. Bd3 $1 Rxf2 38. Rf1 Rxf1 39. Bxf1 Bf4 40. c4 {Precision: White = 78%, Black = 73%.} 1/2-1/2

[Event "Yingmei CHN-chT 2018"]
[Site "Shenzhen"]
[Date "2018.04.14"]
[Round "4"]
[White "Xu, Yinglun"]
[Black "Liu, Guanchu"]
[Result "1/2-1/2"]
[WhiteElo "2545"]
[BlackElo "2459"]
[Annotator "TA"]
[PlyCount "147"]
[EventDate "2018.??.??"]
[EventCountry "CHN"]
[SourceTitle "playchess.com"]
[Source "ChessBase"]
[SourceQuality "1"]

{[%evp 16,147,19,16,22,17,21,28,8,0,0,0,0,-19,22,7,30,29,33,22,52,18,18,20,26,20,20,20,20,18,18,18,20,23,18,16,18,10,24,14,22,17,46,4,4,0,6,0,0,0,0,0,0,0,92,92,93,0,0,0,0,0,0,0,0,0,85,8,8,8,8,0,185,0,0,0,0,0,0,0,0,0,8,8,8,8,8,8,8,11,30,8,8,8,8,8,8,8,25,8,81,0,0,0,8,8,8,8,54,0,38,0,0,0,0,0,0,0,0,0,69,0,62,0,0,0,0,0,0,0,14,0,0,0]} 1. d4 e6 2. c4 Nf6 3. Nf3 b6 4. g3 Ba6 5. Qc2 c5 6. Bg2 Bb7 7. dxc5 {E15: Queen's Indian: 4 g3 sidelines, 4 g3 Ba6 and 4 g3 Bb7 early deviations} (7. d5 exd5 8. cxd5 Nxd5 9. O-O Be7 10. Rd1 Nc6 11. Qf5 Nf6 12. e4 g6 13. Qf4 O-O 14. e5 Nh5 {1-0 (52) Moranda,W (2593)-Kovalenko,I (2639) Katowice 2017}) 7... bxc5 8. O-O Be7 9. Nc3 {LiveBook: 14 Games} Nc6 10. Rd1 O-O 11. Bf4 d6 $146 ({Predecessor:} 11... a6 12. Ne5 Nd4 13. Rxd4 Bxg2 14. Rd2 Bb7 {0-1 (29) Sanjuan Morigosa,I (2009)-Perera,P (2231) El Sauzal 2007}) 12. Rd2 Qb8 13. Qd1 Rd8 14. h3 Nd4 15. e3 Nxf3+ 16. Bxf3 Bxf3 17. Qxf3 h6 {Hoping for ...e5.} 18. e4 Qb4 19. Qe2 Nd7 20. Nb5 Ne5 21. Bxe5 dxe5 22. Rad1 a6 23. Rxd8+ Rxd8 24. Rxd8+ Bxd8 25. Nc3 Bg5 26. Kf1 h5 27. h4 Bh6 28. Nd1 Qa5 29. b3 Bd2 30. Nb2 Bc3 31. Na4 Bd4 32. Qxh5 Qd2 {[%csl Gd4][%cal Rd2f2]} 33. Qe2 Qc1+ $1 34. Kg2 Qb1 (34... Kf8 $11) 35. Nb6 $36 {[%mdl 2048] Keeping Black busy.} Kf8 36. h5 (36. Na8 $16) 36... Ke8 $11 37. Na8 {With the idea Nc7+.} Qc1 38. Nc7+ Kd7 39. Nxa6 Qa3 $1 {[%cal Ra3a6]} 40. Qf3 f5 (40... Ke7 $11 41. Nc7 Qxa2) 41. Nb8+ ({Much worse is} 41. exf5 $6 Qxa6 42. Qg4 Qxa2 $11) (41. Nxc5+ $1 $16 Qxc5 42. exf5) 41... Kc7 $1 42. exf5 exf5 43. Qxf5 Qa8+ $2 {[#]} (43... Qxa2 $11 {and Black is okay.} 44. Qf7+ Kxb8) 44. Kg1 $2 (44. Kh2 $1 $18) 44... Qxb8 45. Qf7+ Kb6 46. Qxg7 e4 $1 47. Qh6+ Ka5 {( -> ...Qxg3+)} 48. Qd2+ Ka6 {White must now prevent ...Qxg3+.} 49. Qf4 Qe8 {aiming for ...e3.} 50. Kg2 e3 51. fxe3 Bxe3 52. Qf6+ Ka5 53. a3 Bd4 $1 {[%cal Rd4f6]} 54. Qf3 Kb6 55. b4 Qe6 56. Qd3 Qe1 57. Kh3 Be5 {[#]} (57... Qe6+ $11 {remains equal.} 58. Kg2 Kc7) 58. Qd8+ ({White should try} 58. bxc5+ $1 $16 Kxc5 59. h6) 58... Kb7 {[%csl Ge5][%cal Re1g3]} 59. Qe7+ Kb8 {[%csl Ge5][%cal Re1g3]} 60. Qf8+ Kb7 {[%csl Ge5][%cal Re1g3]} 61. Qf3+ Kb6 62. b5 (62. bxc5+ $14 Kxc5 63. h6) 62... Bd4 63. g4 Qd2 64. Qc6+ Ka7 65. Qc7+ Ka8 66. Qg3 {Threatens to win with Qg2+.} Ka7 67. g5 {Strongly threatening h6.} Qe2 (67... Qd1 $11) 68. Qc7+ $14 Ka8 69. Qd8+ ({White should play} 69. Qf7 $1 $14 Qe4 70. h6 (70. Qd5+ Qxd5 71. cxd5 c4 $14)) 69... Ka7 $1 $11 {The position is equal.} 70. Qd7+ Kb6 71. Qc6+ Ka7 72. Qc7+ Ka8 73. Qc6+ Ka7 74. Qc7+ {Precision: White = 45%, Black = 74%.} 1/2-1/2

[Event "Yingmei CHN-chT 2018"]
[Site "Shenzhen"]
[Date "2018.04.14"]
[Round "4"]
[White "Liu, Qingnan"]
[Black "Li, Chao b"]
[Result "1/2-1/2"]
[WhiteElo "2527"]
[BlackElo "2732"]
[Annotator "TA"]
[PlyCount "99"]
[EventDate "2018.??.??"]
[EventCountry "CHN"]
[SourceTitle "playchess.com"]
[Source "ChessBase"]
[SourceQuality "1"]

{[%evp 18,99,2,0,0,5,4,4,9,0,2,4,7,7,10,6,6,0,0,0,0,-2,0,0,0,0,0,-8,-10,-3,0,0,0,0,0,0,0,0,0,0,3,8,20,0,0,0,0,0,0,0,0,0,0,-8,-8,-814,-731,-1232,0,-1024,-686,-422,0,0,0,0,0,0,0,0,0,0,0,0,0,0,0,0,0,0,0,0,0,0]} 1. e4 e6 2. d4 d5 3. exd5 exd5 4. Bd3 Nc6 5. c3 Bd6 6. Qf3 Nf6 7. Bg5 Bg4 {C01: French: Exchange Variation} 8. Qxg4 Nxg4 9. Bxd8 Nxd8 10. Nf3 {LiveBook: 4 Games} O-O 11. O-O Re8 12. Nbd2 Ne6 13. Rfe1 g6 14. g3 c5 $146 ({Find the theoretical novelty and annotate with similar games:} 14... Nf6 15. Bf1 Re7 16. Bg2 Rae8 17. b4 {½-½ (17) Lyanguzov,O (2303)-Chebotarev,O (2442) Sochi 2004}) 15. dxc5 Bxc5 16. Re2 Nc7 17. Rae1 Rxe2 18. Rxe2 Re8 19. Rxe8+ Nxe8 20. Nd4 Ne5 21. Be2 Nd6 22. N2f3 Nec4 23. Bxc4 Nxc4 $11 {[%mdl 4096] Endgame KBN-KNN} 24. b4 Bb6 25. Ne2 Bc7 26. Kf1 h5 27. Ned4 Nd6 28. Nd2 Kg7 29. Ke2 g5 30. h3 Kf6 31. Nf1 Nc4 32. Ne3 Nxe3 33. Kxe3 {KB-KN} g4 34. hxg4 hxg4 35. Nb3 Bb6+ 36. Nc5 $2 {[%mdl 8192] [#]} (36. Ke2 $11) 36... Ke5 $19 37. Kd3 Kd6 $2 (37... Bxc5 $1 $19 38. bxc5 a5) 38. Kd4 $2 {[%mdl 8192]} (38. Nxb7+ $11 Kc6 39. Na5+ Kb5 40. Nb7) 38... Kc6 39. c4 {[#]} dxc4 $2 (39... a5 $1 $19 {[%cal Ra5b4]} 40. cxd5+ Kb5) 40. Kxc4 $11 {The position is equal.} a6 41. a4 {[%cal Ba2a4,Ba4b5][%mdl 32]} Ba7 42. b5+ axb5+ 43. axb5+ Kb6 44. Kd5 Kc7 45. Ne4 f5 46. Nc5 Kb6 47. Kc4 Kc7 48. Kd5 Kb6 49. Kc4 Kc7 50. Kd5 {Precision: White = 52%, Black = 83%.} 1/2-1/2